Trouble at the arcade / (Record no. 4311)

MARC details
000 -LEADER
fixed length control field 01447cam a22003377a 4500
001 - CONTROL NUMBER
control field 4311
003 - CONTROL NUMBER IDENTIFIER
control field FISKH
005 - DATE AND TIME OF LATEST TRANSACTION
control field 20250211142653.0
008 - FIXED-LENGTH DATA ELEMENTS--GENERAL INFORMATION
fixed length control field 090715s2010 nyu 000 0 eng
010 ## - LIBRARY OF CONGRESS CONTROL NUMBER
LC control number 2009932648
020 ## - INTERNATIONAL STANDARD BOOK NUMBER
International Standard Book Number 9781416991649 (pbk.)
020 ## - INTERNATIONAL STANDARD BOOK NUMBER
International Standard Book Number 1416991646 (pbk.)
020 ## - INTERNATIONAL STANDARD BOOK NUMBER
International Standard Book Number 9780545248518
040 ## - CATALOGING SOURCE
Original cataloging agency DLC
Transcribing agency DLC
Language of cataloging eng
050 ## - LIBRARY OF CONGRESS CALL NUMBER
Classification number PS3537.T817
082 ## - DEWEY DECIMAL CLASSIFICATION NUMBER
Classification number 813
100 1# - MAIN ENTRY--PERSONAL NAME
Personal name Dixon, Franklin W.
245 10 - TITLE STATEMENT
Title Trouble at the arcade /
Statement of responsibility, etc. Franklin W. Dixon, illustrated byScott Burroughs.
260 ## - PUBLICATION, DISTRIBUTION, ETC.
Place of publication, distribution, etc. New York:
Name of publisher, distributor, etc. Scholastic,
Date of publication, distribution, etc. 2010.
300 ## - PHYSICAL DESCRIPTION
Extent 87 pages :
Other physical details illustrations ;
Dimensions 20 cm
490 0# - SERIES STATEMENT
Series statement The Hardy Boys, secret files ;
Volume/sequential designation Book 1
505 ## - FORMATTED CONTENTS NOTE
Formatted contents note K<br/>
520 ## - SUMMARY, ETC.
Summary, etc. Frank and Joe are brothers, but that won't stop them from competing against each other at the Fun World arcade's video game tournament. The boys make a bet: Whoever wins the competition gets to move into the cool new room their dad just built! But suddenly money goes missing. The owner of Fun World shuts down the tournament until the stolen cash is returned! Can the boys figure out who took it? Or will their chances of victory -- and a brand-new room! -- be crushed by a thief?
521 8# - TARGET AUDIENCE NOTE
Target audience note 510<br/>
Source Lexile<br/>
521 8# - TARGET AUDIENCE NOTE
Target audience note K<br/>
Source Raz-Plus<br/>
650 ## - SUBJECT ADDED ENTRY--TOPICAL TERM
Topical term or geographic name entry element Mystery
Form subdivision Fiction
General subdivision Arcade Games
700 1# - ADDED ENTRY--PERSONAL NAME
Personal name Burroughs, Scott.
Relator term illustrator
906 ## - LOCAL DATA ELEMENT F, LDF (RLIN)
a 7
b cbc
c orignew
d 2
e epcn
f 20
g y-gencatlg
942 ## - ADDED ENTRY ELEMENTS (KOHA)
Source of classification or shelving scheme Dewey Decimal Classification
Koha item type Books
Suppress in OPAC No
Holdings
Withdrawn status Lost status Source of classification or shelving scheme Damaged status Not for loan Collection Home library Current library Shelving location Date acquired Total Checkouts Full call number Barcode Date last seen Price effective from Koha item type Copy number
    Dewey Decimal Classification     Juvenile Fiction Footprints International School Library Network Toul Kork Campus Footprints International School Library Network Toul Kork Campus TK Primary Library Room(4th Floor), Bookcase 3&4, Shelves 17-32, Yellow Books 07/17/2024   DIX 813 PS3537.T817 FISTK00439 07/17/2024 07/17/2024 Books  
    Dewey Decimal Classification     Juvenile Fiction Footprints International School Library Network Toul Kork Campus Footprints International School Library Network Toul Kork Campus TTP Primary Yellow Bookshelves 02/11/2025   DIX 813 PS3537.T817 2025-0503 02/11/2025 02/11/2025 Books 2